00497 2200181 4500001002100000005001700021006001900038008004100057020002200098035002500120041000700145082001000152090001600162100003200178245004700210260003100257300002700288INLIS00000000000566520140224100618.0a ||| | 180719| ||| | id  a978-979-3288-90-1 a0010-031300000005665 aid0 a615.1 a615.1 IND i0 aDra. Reri Indriani, Apt MSi00aInformatorium Obat Nasional Indonesia 2008 aJakartabSagung Setoc2009 axvi ; 1284 hlm ; 25 cm